000 00679nam a2200205Ia 4500
003 GCL
008 140319s9999 xx 000 0 ara d
020 _a035979977
040 _aGCL /
_cGCL
082 0 4 _a958.1045
_bع ط
100 1 _aعبدالحليم غزالى
245 1 0 _aطالبان - العمائم والمدافع والافيون /
_cعبدالحليم غزالى
260 _aالقاهرة :
_bدار الخيال ،
_c2000
300 _a208 ص ؛
_c24 سم
650 0 4 _aافغانستان
650 0 4 _aافغانستان - تاريخ
650 0 4 _aطالبان
650 0 4 _aافغانستان - تاريخ - العصر الحديث
942 _2ddc
_cBK
999 _c6127
_d6127